La cultura represiva : elementos de la cultura nacional británica /

Detalles Bibliográficos
Autor principal: Anderson, Perry
Formato: Libro
Lenguaje:inglés
Publicado: Barcelona, España Anagrama 1967
Colección:Elementos críticos 6
Acceso en línea:

MARC

LEADER 00000cam a2200000 a 4500
001 007174
003 UAHC_CL
005 20170803120324.0
008 030114b xx j 000 1 eng
020 |a 8433914065 
040 |a UAHC_CL  |c UAHC_CL  |d UAHC_CL 
100 1 |a Anderson, Perry 
245 1 3 |a La cultura represiva : elementos de la cultura nacional británica /  |c Perry Anderson. 
260 |b Anagrama  |c 1967  |a Barcelona, España 
300 |a 125 p. 
490 0 |a Elementos críticos  |v 6 
900 |a 320.531 AND 
942 |c BK 
952 |0 0  |1 0  |4 0  |6 320_531000000000000_AND  |7 0  |8 General  |9 15636  |a BC  |b BC  |c General  |d 2017-08-03  |l 0  |o 320.531 AND  |p 1307071  |r 2026-01-13 00:00:00  |t 1  |w 2017-08-03  |y BK 
999 |c 7174  |d 7174